| 000 | 01711cam a2200517 a 4500 | ||
|---|---|---|---|
| 001 | 22324 | ||
| 003 | VRT | ||
| 005 | 20260326134717.0 | ||
| 008 | 240315|2008 xo g 000 f slo | ||
| 015 | _aSNBA2008/07-03887 | ||
| 020 |
_a9788022014267 _q(viaz.) |
||
| 035 | _aBC33C8BF-EF8A-484E-A70C-15DD8BB32672 | ||
| 035 | _aurn:nbn:sk:snk-aml7jy | ||
| 035 | _aurn:nbn:sk:snk-am008tiq | ||
| 039 | 9 |
_a202403151842 _bVLOAD _c202301311053 _dmsnk170 _c202002031136 _dAUTHORITY _c202002031023 _dAUTHORITY |
|
| 040 |
_aHEVK _bslo _cHEVK _dSNK _eAACR2 |
||
| 041 | 1 |
_aslo _heng |
|
| 044 |
_axo _cSK |
||
| 072 | 7 |
_a821.111-3 _xAnglická próza, anglicky písaná _2konspekt |
|
| 080 |
_a821.111-31 _22001 |
||
| 100 | 1 |
_aBoucheron, Rose _4aut |
|
| 240 | 1 | 0 |
_aCyprus grove _lSlovensky |
| 245 | 1 | 0 |
_aCyprusová aleja _cRose Boucheronová ; [z anglického originálu preložila Alena Redlingerová] |
| 250 | _a[1. vyd.] | ||
| 260 |
_aBratislava _bSlovenský spisovateľ _c2008 |
||
| 300 |
_a175 s. _c21 cm |
||
| 655 | 7 |
_aanglické romány _2SNKPH |
|
| 655 | 7 |
_aumelecká literatúra _2SNKPH |
|
| 700 | 1 |
_aRedlingerová, Alena, _d1946- _4trl |
|
| 910 | _ahevk | ||
| 910 | _asavuk | ||
| 910 | _asnk | ||
| 910 | _abpksh | ||
| 910 | _askpk | ||
| 910 | _asvkpo | ||
| 910 | _atotk | ||
| 910 | _avthk | ||
| 942 |
_2ddc _cKLDO _n0 |
||
| 949 |
_617A0581524 _asnkSC 131099 _bsnk2008/5451 _o323/08 _s6100:20151111 |
||
| 949 |
_62889135771 _asavukPV 11278 _bsavuk2008/155 |
||
| 949 |
_617A0583881 _asnkSC 131099 D1 _bsnk2008/7134 _o323/08 |
||
| 949 |
_63869A19423 _abpksh821.111-31 _bbpksh55892 |
||
| 949 |
_6273K0458200 _asvkpoA 201800 _bsvkpo508500 |
||
| 980 | _a821.111-31 | ||
| 999 |
_c22324 _d22324 |
||